000 01681nam a22003617a 4500
005 20160912151056.0
008 140228t2010 vauabdogr|||| 00| 0 spa d
020 _a978193151372
041 _aspa
_aeng
044 _axxu
082 _a333.95
_bR21e
110 2 _aConservation International
_912638
242 1 0 _aEvaluación rápida de la biodiversidad y aspectos socioecosistémicos del Ramal de Calderas, Andes de Venezuela
_cRapid Evaluation Program
_yspa
245 1 0 _aRapid assessment of the biodiversity and socio-ecosystem aspects of the Ramal de Calderas, Venezuelan Andes
_cRapid Evaluation Program
260 _aVirginia
_bConservation International
_c2010
300 _a183 p.
_bil., fot., mapas, tablas, gráficas
_c28 cm
_eCD-ROM LB-05771
490 0 _aThe RAP Bulletin of Biological Assessment
_x56
505 _aIncluye Contenido
520 _aLas planicies deltaicas del río Orinoco y Golfo de Paria contituyen, en su conjunto, uno de los mayores humedales de Suramerica y uno de los ecosistemas mejor conservados del mundo
590 _a242 traducción por la empresa catalogadora
650 4 _aAnfibios
_xEstudio
_zVenezuela
_920470
650 4 _aReptiles
_xEstudio
_zVenezuela
_920471
650 4 _aAves
_xEstudio
_zVenezuela
_920472
650 4 _aHábitats
_xEstudio
_zVenezuela
_920473
650 4 _aEcosistema
_xEstudio
_zVenezuela
_920474
650 4 _aVegetación
_xEstudio
_zVenezuela
_920475
700 1 _aRial B., Anabel
_eeditor
_912645
700 1 _aSeñaris, J. Celsa
_eeditor
_912646
700 1 _aLasso, Carlos A.
_eeditor
_9242
700 1 _aVelásquez, Grisel
_emapas
_912648
700 1 _912647
_aFlores, Ana Liz
_eeditor
942 _2ddc
_cImpreso
_06
999 _c8187
_d8187